| 000 | 00347nam a2200145Ia 4500 | ||
|---|---|---|---|
| 008 | 150201s2003 xx 000 0 und d | ||
| 082 |
_a612 _bH2003C |
||
| 100 | _aCHATTERJEE | ||
| 245 | _aHUMAN PHYSIOLOGY- V-1 | ||
| 250 | _a11TH | ||
| 260 |
_bMEDICAL ALLIED AGENCY _aCALCUTTA _c2003 |
||
| 300 | _a1-759 | ||
| 650 | _aPHYSIOLOGY | ||
| 942 |
_2ddc _cBK |
||
| 999 |
_c3979 _d3979 |
||